000 01587nam a22004697a 4500
003 OSt
005 20230823114551.0
008 221006b |||||||| |||| 00| 0 eng d
040 _cBiblioteca Lado V
082 _a708
_bO77m
100 _9960
_aOrtiz Serrano, Gustavo
_edirector
245 _aMuseo de Arte Contemporáneo de Bogotá/
_bDivas | Maquiamelo/
260 _c2015
_bUNIMINUTO
_aBogota
_aColombia
300 _c21.5x28cm
_a24p.
490 _a2
_v1
_x2422-1856
505 _tCabeza reducida por los Indios
505 _tDe la reducción de las cabezas a la ampliación
505 _tLAS DIVAS DE MAQUIAMELO Parte 1
505 _tMariyn Monroe, 2013
505 _tLAS DIVAS DE MAQUIAMELO Parte 2
505 _tAndy Warhol, 2014
505 _tLiz Taylor
505 _tLiz Taylor-Cleo, 2013
505 _tJudy Garland como Dorothy
505 _tJudy Garland como Dorothy, 2014
505 _tMarilyn Monroe
505 _tMarliyn Forever, 2014
505 _tDivinus Furor - Juan David Quintero A.
505 _tMariyn Reducida, 2014
505 _tKatharine Hepburn
505 _tKatharine Hepburn, 2014
505 _tSello postal de Bette Davis
505 _tBette Davis Eyes, 2015
505 _tMaquiamelo 1
505 _tMaquiamelo 2
505 _tEspejo
650 _2Tesauro de Arte & Arquitectura
_aARTE
650 _2Tesauro de Arte & Arquitectura
_aFIGURAS
_9702
650 _2Tesauro de Arte & Arquitectura
_aCABEZAS REDUCIDAS
651 _2Tesauro de Arte & Arquitectura
_aCINE
942 _2ddc
_c1
_h708
_iO77m
_n0
999 _c4186
_d4186